Aldravismo, a literatura do sujeito (Record no. 184011)
[ view plain ]
| 000 -LEADER | |
|---|---|
| campo de control de longitud fija | 00817nam a2200217 i 4500 |
| 001 - NÚMERO DE CONTROL | |
| campo de control | 184011 |
| 003 - IDENTIFICADOR DE NÚMERO DE CONTROL | |
| campo de control | ES-MaACL |
| 005 - FECHA Y HORA DE LA ÚLTIMA TRANSACCIÓN | |
| campo de control | 20240425112120.0 |
| 008 - DATOS DE LONGITUD FIJA--INFORMACIÓN GENERAL | |
| campo de control de longitud fija | 150217s2002 bl ac |||| |dpor d |
| 020 ## - NÚMERO INTERNACIONAL ESTÁNDAR DEL LIBRO | |
| Número Internacional Estándar del Libro | 85-89269-01-9 |
| 080 ## - NÚMERO DE LA CLASIFICACIÓN DECIMAL UNIVERSAL | |
| Número de la Clasificación Decimal Universal | 821.134.3(81)-1"19/20"(082.2) |
| 245 00 - MENCIÓN DEL TÍTULO | |
| Título | Aldravismo, a literatura do sujeito |
| Resto del título | : cânone, antologia poética & ensaios e crônicas de cultura popular / |
| Mención de responsabilidad, etc. | J.B. Donadon-Leal (organizador). |
| 260 ## - PUBLICACIÓN, DISTRIBUCIÓN, ETC. | |
| Lugar de publicación, distribución, etc. | Mariana, MG [Brasil] : |
| Nombre del editor, distribuidor, etc. | Aldrava Letras e Artes, |
| Fecha de publicación, distribución, etc. | [2002] |
| 300 ## - DESCRIPCIÓN FÍSICA | |
| Extensión | 145 p. : |
| Otras características físicas | retr. ; |
| Dimensiones | 22 cm. |
| 650 #7 - PUNTO DE ACCESO ADICIONAL DE MATERIA--TÉRMINO DE MATERIA | |
| Término de materia o nombre geográfico como elemento de entrada | Poesía brasileña- |
| Subdivisión cronológica | S.XXI |
| Fuente del encabezamiento o término | |
| 9 (RLIN) | 154192 |
| 700 1# - ENTRADA AGREGADA--NOMBRE PERSONAL | |
| Nombre de persona | Donadon-Leal, J. B. |
| 9 (RLIN) | 156375 |
| 852 ## - LOCALIZACIÓN | |
| Ubicación | ES-MaACL |
| Número de control de estantería | A-13371 |
| itemnumber | 190977 |
| Sublocalización o colección | R.150125 |
| Ubicación en estantería | Depósito 1 |
| Signatura antigua | Olim: N-6371 |
| 942 ## - ELEMENTOS DE ENTRADA SECUNDARIOS (KOHA) | |
| Fuente del sistema de clasificación o colocación | Clasificación decimal universal |
| Tipo de ítem Koha | Libro impreso |
| Estatus retirado | Estado de pérdida | Fuente del sistema de clasificación o colocación | Estado de daño | No para préstamo | Biblioteca de origen | Biblioteca actual | Ubicación en estantería | Fecha de adquisición | Fuente de adquisición | Total de préstamos | Signatura topográfica completa | Código de barras | Visto por última vez | Precio de reemplazo | Tipo de ítem Koha |
|---|---|---|---|---|---|---|---|---|---|---|---|---|---|---|---|
| Clasificación decimal universal | Biblioteca del Ateneo de Madrid | Biblioteca del Ateneo de Madrid | Depósito 1 | 17/02/2015 | Donación | A-13371 | 1193496 | 23/02/2023 | 23/02/2023 | Libro impreso |
